000 01068nam a22002297a 4500
999 _c5727
_d5727
003 OSt
005 20251027102449.0
008 251027b ||||| |||| 00| 0 eng d
020 _a9781529120264
040 _cKH8
082 _aFIC PAT
100 _aPtterson, James,
_eauthor.
245 _aMiddle School :
_bMillion Dollar Mess /
_cJames Patterson and Martin Chatterton.
260 _aUnited Kingdom ;
_bPenguin Random House ,
_c2024.
300 _a238 pages :
_billustrations ;
_c20 cm.
490 _aMiddle School
520 _aI'm rich! Me, Rafe Khatchadorian: a millionaire! Yup, my family inherited A MILLION DOLLARS, and we're moving to sunny, ritzy Beverly Hills, California! Except, it turns out... our new 'masion' is more like a SHACK, I'm the NEW KID in a snobby SCHOOL, and there are more RULES and BULLIES than ever. I need to find a way to turn tras back into treasure, or I'll be a LOSER in more ways than one!
650 _amiddle school
_vschool life
700 _aChatterton, Martin,
_eauthor.
830 _aMiddle School
942 _2ddc
_cFIC